000 00394nam a2200121Ia 4500
008 220620s9999||||xx |||||||||||||| ||und||
245 0 _aAdvances in Complex Analysis and Applications
546 _aEnglish[eng]
650 _aApplied mathematics
700 _aBulnes, Francisco||Hachay, Olga
856 _uhttps://mts.intechopen.com/storage/books/8655/authors_book/authors_book.pdf
942 _cEB
999 _c24491
_d24491